Inkubátor svojpomoci pomôže nezamestnaným ženám

Bibliographic Details
Format: Article
Language:Slovak
Subjects:

MARC

LEADER 00000cab a2200000 ar4500
001 vtls008943877
003 SK-MaSNL
005 20260303070926.0
008 070208c2007 xo wr|p|||||||000 b|slo
038 |a PPPK 
040 |a PPPKCL  |b slo  |c PPPK  |e AACR2 
041 0 |a slo 
044 |a xo  |c SK 
080 |a 331.526-055.2  |2 1997 
080 |a 364.044.62  |2 1997 
245 0 0 |a Inkubátor svojpomoci pomôže nezamestnaným ženám  |c [autor] (mar) 
610 2 7 |a Regionálne poradenské a informačné centrum (Poprad, Slovensko)  |2 pppkcl  |9 54595 
610 2 7 |a Európsky sociálny fond  |2 pppkcl  |9 318080 
610 2 7 |a Inkubátor svojpomoci (projekt)  |2 pppkcl  |9 1050178 
648 7 |a 2006  |2 pppkcl  |9 313148 
650 0 7 |a zamestnanosť žien  |2 pppkcl  |9 71642 
650 0 7 |a svojpomoc  |2 pppkcl  |9 1050179 
650 0 7 |a projekty  |2 pppkcl  |9 18866 
651 7 |a Poprad (Slovensko)  |2 pppkcl  |9 20155 
773 0 |t Poprad : noviny občanov mesta  |g Roč. XVII, č. 79 (2006), s. 2 
852 |a PPPK  |b KIS3GCP 
999 |c 1757548  |d 1759478